Pays qui possèdaient Jérusalem à travers l'histoire - Statistiques

Statistiques générales
  • Ce quiz a été pris 154 fois
    78 depuis la dernière actualisation
  • Le résultat moyen est 12 sur 24
Statistiques - réponses
Période Réponse % Correct
1988 - Aujourd'hui (Disputé) Palestine
100%
1948 - 1988/Aujourd'hui (Disputé) Israël
98%
1922 - 1948 Mandat Brittanique de la Palestine
89%
1516 - 1922 Empire Ottoman
87%
-63 - 395 Empire Romain
73%
~XIIIe (13e) av. J-C. Égypte antique
69%
-333 - /- 310 Royaume de Macédoine (Alexandre le Grand)
69%
395 - 638 Empire Byzantin
66%
1948 - 1967 Jordanie
66%
1098 - 1187 Royaume de Jérusalem
52%
661 - 750 Califat Omeyyade
45%
~XIe (9e) - /-700 Royaume de Juda
45%
- 539 - /- 333 Empire Perse Achéménides
42%
750 - 1037 Califat Abbasside
39%
-164 - /-63 Royaume Hasmonéen / Judée
39%
-612 - /- 539 Empire Babylonien
37%
1261 - 1516 Sultanat Mamelouk d'Égypte
32%
-700 - /- 612 Empire Assyrien
29%
1037 - 1098 Empire Seldjoukide
26%
-200 - /-164 Empire Séleucide
24%
638 - 661 Califat Rachidun / Califes bien guidés
16%
-310 - /-200 Royaume Lagide (Ptolémées)
16%
1187 - 1261 Ayyoubides
15%
~XIIIe (13e) - ~IXe (9e) av. J-C. Royaume unifié d'Israël / Royaume de David et de Salomon
13%
Aucun quiz correspondant
Distribution des résultats
% des personnes avec chaque résultat
Percentile par nombre de réponses
Votre historique - résultats
Vous n’avez pas pris ce quiz depuis la dernière actualisation